Jeden oneskorený list (venované pamiatke Dr. P. Braxatorisa)

Bibliographic Details
Main Author: Panenka, Ivan, 1934-2013 (Author)
Format: Article
Language:Slovak
ISBN:8085455927
Subjects:

MARC

LEADER 00000nab a2200000 ar4500
001 vtls008941069
003 SK-MaSNL
005 20260303070820.0
008 070131c1998 xo |r||||||||||00 b|slo
015 |a SNBRA2007/01  |2 snkbucl 
038 |a SNKBUCL 
040 |a SNKBUCL  |b slo  |c SNKBUCL  |e AACR2 
041 0 |a slo 
044 |a xo  |c SK 
080 |a 78.071.1:782.089.1  |2 2001 
080 |a 929 Braxatoris, Pavol  |2 2001 
080 |a 82:929:821.162.4  |2 2001 
080 |a 782.089.1  |2 2001 
080 |a 929:821.162.4  |2 2001 
080 |a 821.162.4-192  |2 2001 
100 1 |a Panenka, Ivan,  |d 1934-2013  |4 aut  |9 133501 
245 1 0 |a Jeden oneskorený list  |b (venované pamiatke Dr. P. Braxatorisa)  |c Ivan Panenka 
500 |a Autor predniesol aj smútočný prejav v mene obce Seničanov žijúcich v Bratislave na poslednej rozlúčke v bratislavskom krematóriu v januári 1980 
600 1 7 |a Braxatoris, Pavol,  |d 1909-1980  |2 snkbucl  |9 111896 
655 7 |a nekrológy  |2 snkbucl  |9 402542 
773 0 |t Pavol Braxatoris  |d Bratislava : Tália-press, 1998  |g S. 239  |z 8085455927 
852 |a SNK  |b KIS3GCP 
958 |a BX 
958 |a LX 
999 |c 1757032  |d 1758962